The amazing world of gumball Characters - Statistics

General Stats
  • This quiz has been taken 139 times
  • The average score is 28 of 82
Answer Stats
Hint Answer % Correct
Main character Gumball
100%
Goldfish Darwin
99%
Main character’s Dad Richard
98%
Younger sister of the main Character Anais
97%
Banana Banana Joe
96%
Yellow Fairy/Peanut with antlers Penny
96%
Main character’s Mom Nicole
94%
Dinosaurus Rex Tina Rex
90%
Ghost Carrie
88%
Teal colored Balloon Alan
86%
Multi colored Creature Tobias
84%
Banana dad Banana bob
79%
Hairy brown Principal Principal Brown
78%
Robot Bobert
75%
Works every job Larry
64%
Girlfriend of the Above Carmen
63%
Neighbor of The main characters house Mr Robinson
63%
Villain Rob
61%
Yellow ice cream cone Sarah
61%
Baboon-Like teacher Miss Simian
60%
Cloud teacher Mr Small
60%
Wife of the Above Mrs Robinson
58%
Giant Hector
55%
Potato Idaho
53%
Piece of clay Clayton
51%
Flower boy Leslie
51%
Someones chin Sussie
50%
Cloud girl Masami
48%
Son of the Above Rockie
47%
Paper bear Teri
45%
8-bit type Creature Ocho
41%
Piece of toast Anton
36%
Sister of the Above Rachel
36%
Flying eyeball William
36%
Hotdog Hotdog guy
31%
Short blue son Billy
28%
Future painter/Banana mom Banana barbara
24%
Dad of the main character’s dad Frankie
22%
Mom of the main character’s dad Granny jojo
22%
Bully of The main character Jamie
22%
Radio Juke
21%
Storyteller Molly
20%
Green hair classsmate Clare
19%
Mailman Gary
18%
Bully of The main Character’s dad Harold
18%
Clown Clown
17%
Donut police Donut cop
17%
Husband of the above Louie
17%
Peanut dad Patrick
17%
Bomb guy Julius
16%
Evil clone Ant-One
14%
Senior citizen Marvin
14%
Clone of the Above Ant-Two
13%
Coach of gym class Coach russo
11%
Paper boy Wilson
11%
Mom of the above Felicity
10%
Egghead nerd 2 Felix
10%
Nurse Joan
9%
Egghead nerd 1 Colin
8%
Multicolored mom Jackie
7%
Burger police Hamburger Cop
6%
Pink creature Karen
6%
Pink bear Mowdown
6%
New classmate Peter pepperoni
6%
Peanut mom Judith
5%
Librarian Librarian
5%
Geography teacher Corneille
4%
3rd Senior citizen Donald
4%
A hand with a Skull tattoo Reaper
4%
Duck Jodie
3%
No friends Josh
3%
Paperball Paperball
3%
Rat wearing a hoodie Scythe
3%
The tree of the above Tree Librarian
3%
Dog 8-bit dog
2%
Scrawny nerd Razor
2%
Cupcake Rotten cupcake
2%
Another Senior citizen Betty
1%
Green bear Green bear
1%
Puppet Jared
1%
Mushroom Mushroom
1%
Smith Lenny
0%
No matching quizzes found
Score Distribution
Percent of People with Each Score
Percentile by Number Answered
Your Score History
You have not taken this quiz